000 00864nas a2200289 4500
001 BR0201902
003 BR-BrBNA
005 20231205102852.0
007 ta
008 230509b bl.|||p| |||| 00| 00por d
040 _aBR-BrBNA
_bpor
_cBiblioteca Nacional de Agricultura
041 _a(Pt)
072 _aF04
100 1 _aRodrigues, D.S.
100 1 _aPontes, A.L.
100 1 _aMinami, K.
100 1 _aDias, C.T. dos S.
245 1 _aQuantidade absorvida e concentrações de micronutrientes em tomateiro sob cultivo protegido
650 _aTOMATE
650 _aMICROELEMENTO
650 _aFERTIRRIGAÇÃO
650 _aFERTILIZANTE
650 _aCULTIVO PROTEGIDO
773 0 _tScientia Agrícola (Brazil)
_xISSN 0103-9016
_g(Jan-Mar 2002), v. 59(1) p. 137-144
_wBR0201902
909 _a202311
_bLúcia
_c55
_dLúcia Elande
942 _2AGRIS
_n0
_cANA
999 _c169801
_d169801